Global journalism : survey of international communication
| Other Authors: | Merrill, John C. |
|---|---|
| Published: |
New York:
Longman,
1991.
|
| Edition: | 2nd ed. |
| Subjects: |
| LEADER | 00578cam a2200181 7i4500 | ||
|---|---|---|---|
| 001 | 0000051608 | ||
| 005 | 20180522090000.0 | ||
| 020 | |a 0801305128 (pbk.) | ||
| 020 | |a 9780801305122 (pbk.) | ||
| 090 | 0 | 0 | |a PN4775 |b .G37 1991 |
| 245 | 0 | 0 | |a Global journalism : |b survey of international communication |c John C. Merrill, editor. |
| 250 | |a 2nd ed. | ||
| 260 | |a New York: |b Longman, |c 1991. | ||
| 300 | |a ix, 401 p.; |c 24 cm. | ||
| 500 | |a Gift: Zainol Ahmad Resource Center | ||
| 650 | 0 | 0 | |a Journalism |
| 700 | 1 | |a Merrill, John C. | |
| 999 | |a 0000062938 |b BOK |c OPEN SHELF |e 1st Floor, Bestari Jaya | ||


